00558 2200193 4500001002100000005001500021035002000036007000300056008004100059020002200100082001300122084002000135100002200155245007500177260003600252300003800288650002500326700001300351INLIS00000000134650220240920020833 a0010-0924000862ta240920 g 0 ind  a978-623-7498-42-1 a621.4301 a621.4301 MOC t0 aMochamad Wahyudi,1 aTeori dan reparasi mesin diesel /cpenulis, Mochamad Wahyudi, Daryanto aYogyakarta :bGava Media,c2019 a[x], 322 halaman :bilus ;c23 cm 4aMesin diesel-- teori0 aDaryanto